000 00234nam a2200097Ia 4500
001 642374
005 20250826153525.0
008 250824s9999 xx 000 0 und d
245 0 _aGizemli Güvercin
_cGülten Dayıoğlu
260 _bALTIN
999 _c642374
_d642374